| 000 | 00620nam a22001937a 4500 | ||
|---|---|---|---|
| 999 |
_c187592 _d187592 |
||
| 005 | 20220425130911.0 | ||
| 010 | _aUR-11524 | ||
| 020 |
_c250.00 _a- |
||
| 035 | _aU-10079 | ||
| 037 |
_bDBAD/PUB _a- |
||
| 082 |
_aک _2Ist |
||
| 100 | _aر ا ہی فد ا ئ | ||
| 245 |
_aد ر ج نعت _c ر ا ہی فد ا ئ _hا ر د و |
||
| 246 |
_bAl-Ansar Publications (Urdu) _aby Rahi Fidai |
||
| 260 |
_aTilangana _bAl-Ansar Publications _c2021 ء |
||
| 270 |
_aRiyasat Nagar ,Jamal Colony, _bHyderabad _e059 _k09391301192 _l- |
||
| 300 |
_a176 ص _c22 Cm(Hb) |
||
| 942 |
_2ddc _cUR _h841 _mر ا ہی |
||